The Genetics of Bacteria and their Viruses: studies in basic genetics and molecular biology
| Main Author: | |
|---|---|
| Format: | Section = Libro |
| Language: | Undetermined Spanish |
| Published: |
John Wiley & Sons
1968
|
| Edition: | 2a.ed |
| Subjects: |
| LEADER | 00648nam a2200217Ia 4500 | ||
|---|---|---|---|
| 008 | 240830s9999 xx 000 0 und d | ||
| 020 | |a 0-470-36474-2 | ||
| 040 | |a CEDOC FIQ-RUSB / 570 H417 | ||
| 041 | |a spa | ||
| 082 | |a 570 H417 | ||
| 100 | 1 | |a Hayes, William | |
| 245 | 1 | 4 | |a The Genetics of Bacteria and their Viruses: studies in basic genetics and molecular biology |
| 250 | |a 2a.ed | ||
| 260 | |b John Wiley & Sons |c 1968 | ||
| 300 | |a 925 p.: il. | ||
| 650 | 7 | |a CIENCIAS BIOLÓGICAS | |
| 650 | 7 | |b INTRODUCCIÓN A LA GENÉTICA | |
| 650 | 7 | |c LA INTEGRACIÓN DE LA GENÉTICA Y LA BIOQUÍMICA | |
| 942 | |c BK |2 ddc | ||
| 991 | |a TEXTO | ||
| 999 | |c 27155 | ||